000 00814cab a2200289 4500
001 ABS50452
008 090401t1994 xxu||||| |||| 00| 0 eng d
035 _a(Sirsi) u75814
041 _aeng
100 _aAlexandre, A.
245 _aEnergy-efficient city
260 _c1994
350 _a0
490 _aOECD Observer
_v(187) April-May 1994, 26-27(2)
520 _aStresses the importance of energy planning in urban planning policy. Discusses current trends in OECD countries.
650 _aCLIMATE CHANGE
650 _aENERGY EFFICIENCY
650 _aENERGY PLANNING
650 _aENERGY USE
650 _aGLOBAL WARMING
650 _aOECD
650 _aURBAN GROWTH
690 _aENVIRONMENTAL AND LAND CONSULTANCY-ENERGY
700 _aMichelis, N
942 _n0
948 _c04/03/1997
999 _c47692
_d47692